Bacterial genetics and genomics / (Record no. 30910)

MARC details
000 -LEADER
fixed length control field 02597cam a22003378i 4500
001 - CONTROL NUMBER
control field 23362934
003 - CONTROL NUMBER IDENTIFIER
control field EG-ScBUE
005 - DATE AND TIME OF LATEST TRANSACTION
control field 20250223102532.0
008 - FIXED-LENGTH DATA ELEMENTS--GENERAL INFORMATION
fixed length control field 231026s2024 flua f b 001 0 eng d
020 ## - INTERNATIONAL STANDARD BOOK NUMBER
International Standard Book Number 9781032461779
040 ## - CATALOGING SOURCE
Original cataloging agency DLC
Language of cataloging eng
Description conventions rda
Transcribing agency DLC
Modifying agency DLC
-- EG-ScBUE
082 04 - DEWEY DECIMAL CLASSIFICATION NUMBER
Classification number 579.3135
Edition number 22
Item number SNY
100 1# - MAIN ENTRY--PERSONAL NAME
Personal name Snyder, Lori,
Relator term author.
245 10 - TITLE STATEMENT
Title Bacterial genetics and genomics /
Statement of responsibility, etc Lori A. S. Snyder.
250 ## - EDITION STATEMENT
Edition statement Second edition.
264 #1 - PUBLICATION, DISTRIBUTION, ETC. (IMPRINT)
Place of publication, distribution, etc Boca Raton :
Name of publisher, distributor, etc CRC Press,
Date of publication, distribution, etc 2024.
300 ## - PHYSICAL DESCRIPTION
Extent xxviii, 415 pages :
Other physical details color illustrations ;
Dimensions 30 cm
336 ## - CONTENT TYPE
Content type term text
Content type code txt
Source rdacontent
337 ## - MEDIA TYPE
Media type term unmediated
Media type code n
Source rdamedia
338 ## - CARRIER TYPE
Carrier type term volume
Carrier type code nc
Source rdacarrier
504 ## - BIBLIOGRAPHY, ETC. NOTE
Bibliography, etc Includes bibliographical references and index.
520 ## - SUMMARY, ETC.
Summary, etc "Understanding of bacterial genetics and genomics is fundamental to understanding bacteria and higher organisms, as well. Novel insights in the fields of genetics and genomics are challenging the once clear borders between the characteristics of bacteria and other life. Biological knowledge of the bacterial world is being viewed under a new light with input from genetic and genomics. Replication of bacterial circular and linear chromosomes, coupled (and uncoupled) transcription and translation, multiprotein systems that enhance survival, wide varieties of ways to control gene and protein expression, and a range of other features influence the diversity of the microbial world. This text acknowledges that readers have varied knowledge of genetics and microbiology. Therefore, information is presented progressively, to enable all readers to understand the more advanced material in the book. This second edition of Bacterial Genetics and Genomics updates the information from the first edition with advances made over the past five years. This includes descriptions for 10 types of secretion systems, bacteria that can be seen with the naked eye, and differences between coupled transcription-translation and the uncoupled runaway transcription in bacteria. Topic updates include advances in bacteriophage therapy, biotechnology, and understanding bacterial evolution"--
Assigning source Provided by publisher.
650 #7 - SUBJECT ADDED ENTRY--TOPICAL TERM
Topical term or geographic name as entry element Bacterial genetics.
Source of heading or term BUEsh
650 #7 - SUBJECT ADDED ENTRY--TOPICAL TERM
Topical term or geographic name as entry element Bacteria
General subdivision Physiology.
Source of heading or term BUEsh
653 ## - INDEX TERM--UNCONTROLLED
Arrived date list February2025
Resource For college Pharmacy
655 ## - INDEX TERM--GENRE/FORM
Form subdivision Reading book
776 08 - ADDITIONAL PHYSICAL FORM ENTRY
Display text Online version:
Main entry heading Snyder, Lori.
Title Bacterial genetics and genomics
Edition Second edition.
Place, publisher, and date of publication Boca Raton : CRC Press, Taylor & Francis Group, 2024
International Standard Book Number 9781003380436
Record control number (DLC) 2023040586
906 ## - LOCAL DATA ELEMENT F, LDF (RLIN)
a 7
b cbc
c orignew
d 1
e ecip
f 20
g y-gencatlg
942 ## - ADDED ENTRY ELEMENTS (KOHA)
Source of classification or shelving scheme Dewey Decimal Classification
Koha item type Book - Borrowing
Holdings
Withdrawn status Lost status Source of classification or shelving scheme Damaged status Not for loan Collection code Home library Current library Shelving location Date acquired Source of acquisition Cost, normal purchase price Serial Enumeration / chronology Total Checkouts Full call number Barcode Date last seen Cost, replacement price Price effective from Koha item type
    Dewey Decimal Classification     Alahram Central Library Central Library First floor 23/02/2025 Purchase 2899.00 154   579.3135 SNY 000057273 15/07/2025 3624.00 23/02/2025 Book - Borrowing